[Event "SLO-chT2 East"]
[Site "Slovenia"]
[Date "2018.12.09"]
[Round "9"]
[White "Zupanic, Matjaz"]
[Black "Rozmanec, Pia"]
[Result "1/2-1/2"]
[WhiteElo "1763"]
[BlackElo "1543"]
[PlyCount "56"]
[EventDate "2018.09.15"]
[EventType "team-tourn"]
[EventRounds "9"]
[EventCountry "SLO"]
[SourceTitle "EXT 2021"]
[Source "ChessBase"]
[SourceDate "2020.10.23"]
[SourceVersion "1"]
[SourceVersionDate "2020.10.23"]
[SourceQuality "1"]
[WhiteTeam "Ptuj SD II"]
[BlackTeam "Sevnica Majcen"]
[WhiteTeamCountry "SLO"]
[BlackTeamCountry "SLO"]

1. d4 Nf6 2. Nf3 e6 3. c4 c5 4. g3 b6 5. Bg2 Bb7 6. 0-0 cxd4 7. Nxd4 Bxg2 8. Kxg2 Be7 9. Nc3 0-0 10. e4 d6 11. Qf3 e5 12. Nf5 Nc6 13. Rd1 a6 14. Bg5 Ne8 15. Nxe7+ Nxe7 16. h4 h6 17. Be3 f5 18. exf5 Nxf5 19. Qd5+ Kh8 20. Bd2 Nd4 21. f4 Nf6 22. Qb7 Rb8 23. Qxa6 Ra8 24. Qb7 Rb8 25. Qa7 Ra8 26. Qb7 Rb8 27. Qa7 Ra8 28. Qb7 Rb8 1/2-1/2

[Event "SLO-chT2 East"]
[Site "Slovenia"]
[Date "2018.11.13"]
[Round "6"]
[White "Zupanic, Matjaz"]
[Black "Prisenk, Silvo"]
[Result "0-1"]
[WhiteElo "1763"]
[BlackElo "1730"]
[PlyCount "70"]
[EventDate "2018.09.15"]
[EventType "team-tourn"]
[EventRounds "9"]
[EventCountry "SLO"]
[SourceTitle "EXT 2021"]
[Source "ChessBase"]
[SourceDate "2020.10.23"]
[SourceVersion "1"]
[SourceVersionDate "2020.10.23"]
[SourceQuality "1"]
[WhiteTeam "Ptuj SD II"]
[BlackTeam "Ruse Messer"]
[WhiteTeamCountry "SLO"]
[BlackTeamCountry "SLO"]

1. d4 d5 2. Nf3 Bf5 3. g3 Nf6 4. Bg2 c6 5. c4 e6 6. Nc3 Be7 7. 0-0 0-0 8. Nh4 Bg4 9. h3 Bh5 10. b3 Ne4 11. Nxe4 dxe4 12. Bxe4 Bxh4 13. gxh4 Qxh4 14. Qd3 f5 15. Bg2 Nd7 16. d5 cxd5 17. cxd5 e5 18. e3 Rac8 19. Qb5 Nb6 20. d6 e4 21. Bb2 Rc2 22. Be5 Be2 23. Qa5 Bxf1 24. Rxf1 Nd7 25. Bg3 Qd8 26. Qxa7 Qa8 27. Qd4 Qxa2 28. Qd5+ Rf7 29. h4 Nc5 30. h5 Qxb3 31. Qe5 Qe6 32. Qd4 Nd3 33. Ra1 Rc1+ 34. Rxc1 Nxc1 35. Qc3 Ne2+ 0-1

[Event "Hum na Sutli op 11th"]
[Site "Hum na Sutli"]
[Date "2017.08.25"]
[Round "1"]
[White "Veleski, Robert"]
[Black "Zupanic, Matjaz"]
[Result "1-0"]
[WhiteElo "2210"]
[BlackElo "1753"]
[PlyCount "191"]
[EventDate "2017.08.25"]
[EventType "swiss"]
[EventRounds "9"]
[EventCountry "CRO"]
[SourceTitle "EXT 2018"]
[Source "ChessBase"]
[SourceDate "2017.10.13"]
[SourceVersion "1"]
[SourceVersionDate "2017.10.13"]
[SourceQuality "1"]

1. c4 Nf6 2. Nc3 g6 3. g3 Bg7 4. Bg2 d6 5. d3 0-0 6. e3 c5 7. Nge2 Nc6 8. 0-0 a6 9. Rb1 Rb8 10. a3 Bd7 11. b4 cxb4 12. axb4 b5 13. cxb5 axb5 14. d4 e5 15. d5 Ne7 16. e4 Nh5 17. Be3 f5 18. f3 f4 19. Bf2 g5 20. Qd3 Ng6 21. Ra1 g4 22. Ra6 Qf6 23. Bc5 fxg3 24. hxg3 Qg5 25. Rxd6 gxf3 26. Rxf3 Rxf3 27. Qxf3 Bg4 28. Be3 Bxf3 29. Bxg5 Bxg2 30. Kxg2 Bf8 31. Rd8 Rxd8 32. Bxd8 Bxb4 33. Nxb5 Kf7 34. Na7 Nf8 35. Nc6 Bd6 36. Nc3 Nd7 37. Nb5 Bf8 38. Kf3 Nhf6 39. g4 Ne8 40. Bh4 h6 41. Bg3 Bg7 42. Nd8+ Kg6 43. Bf2 Bf6 44. Nc6 Bg5 45. Na5 Kf6 46. Nc4 Bf4 47. Na7 Kg5 48. Ne3 Nef6 49. Nc6 Nc5 50. d6 Ncxe4 51. d7 Nd2+ 52. Ke2 Nxd7 53. Kxd2 Bxe3+ 54. Bxe3+ Kxg4 55. Bxh6 Kf3 56. Kd3 e4+ 57. Kd4 Nf6 58. Ne5+ Kg3 59. Bd2 Kf2 60. Bg5 Nh7 61. Bh4+ Ke2 62. Kxe4 Nf8 63. Kf5 Ke3 64. Be7 Nh7 65. Bc5+ Kd2 66. Kg6 Kc3 67. Kxh7 Kb3 68. Kg6 Ka4 69. Kf5 Kb5 70. Bd6 Kb6 71. Ke6 Kb5 72. Kd5 Kb6 73. Kc4 Kb7 74. Kc5 Ka6 75. Nc4 Kb7 76. Nb6 Ka6 77. Kc6 Ka5 78. Be7 Ka6 79. Bb4 Ka7 80. Nd5 Ka6 81. Nc7+ Ka7 82. Bc5+ Kb8 83. Bd4 Kc8 84. Ba7 Kd8 85. Nd5 Ke8 86. Kd6 Kf7 87. Ne7 Kf6 88. Be3 Kf7 89. Kd7 Kf6 90. Bf4 Kf7 91. Bg5 Kf8 92. Ke6 Ke8 93. Nf5 Kf8 94. Be7+ Kg8 95. Kf6 Kh7 96. Kf7 1-0

[Event "SLO-chT2 East"]
[Site "Slovenia"]
[Date "2015.11.21"]
[Round "8"]
[White "Meglic, Jaka"]
[Black "Zupanic, Matjaz"]
[Result "1/2-1/2"]
[WhiteElo "1820"]
[BlackElo "1724"]
[PlyCount "76"]
[EventDate "2015.09.05"]
[EventType "team-tourn"]
[EventRounds "9"]
[EventCountry "SLO"]
[SourceTitle "EXT 2019"]
[Source "ChessBase"]
[SourceDate "2018.10.10"]
[SourceVersion "1"]
[SourceVersionDate "2018.10.10"]
[SourceQuality "1"]
[WhiteTeam "Radenska Ljutomer"]
[BlackTeam "Ptuj II"]
[WhiteTeamCountry "SLO"]
[BlackTeamCountry "SLO"]

1. e4 e5 2. Nf3 Nf6 3. Nxe5 d6 4. Nf3 Nxe4 5. Nc3 Nxc3 6. dxc3 Nc6 7. Bf4 Be7 8. Qd2 Bf5 9. 0-0-0 Qd7 10. Nd4 Nxd4 11. Qxd4 0-0 12. Bd3 Bf6 13. Bxf5 Qxf5 14. Qd2 Rfe8 15. f3 Be5 16. Bxe5 Rxe5 17. h4 Rae8 18. Rhe1 Rxe1 19. Rxe1 Rxe1+ 20. Qxe1 Qf4+ 21. Kb1 Qe5 22. Qf2 h6 23. a3 b6 24. f4 Qd5 25. Qe2 Qe6 26. Qf2 Qd5 27. g3 Qd1+ 28. Ka2 Qd5+ 29. b3 a5 30. Kb2 Qe4 31. a4 d5 32. g4 c5 33. h5 Qh1 34. Qe3 Qe4 35. Qf2 Qe6 36. Qf3 Qe4 37. Qf2 Qe6 38. Qf3 Qe4 1/2-1/2

[Event "SLO-chT2 East"]
[Site "Slovenia"]
[Date "2015.11.07"]
[Round "7"]
[White "Kolar, Branko"]
[Black "Zupanic, Matjaz"]
[Result "1-0"]
[WhiteElo "1831"]
[BlackElo "1724"]
[PlyCount "120"]
[EventDate "2015.09.05"]
[EventType "team-tourn"]
[EventRounds "9"]
[EventCountry "SLO"]
[SourceTitle "EXT 2019"]
[Source "ChessBase"]
[SourceDate "2018.10.10"]
[SourceVersion "1"]
[SourceVersionDate "2018.10.10"]
[SourceQuality "1"]
[WhiteTeam "Fram"]
[BlackTeam "Ptuj II"]
[WhiteTeamCountry "SLO"]
[BlackTeamCountry "SLO"]

1. d4 Nf6 2. Nf3 g6 3. Bg5 Bg7 4. Nbd2 d6 5. e3 c5 6. c3 0-0 7. Bd3 Nc6 8. 0-0 e5 9. dxe5 dxe5 10. Qc2 Qe7 11. Rad1 b6 12. Ne4 Bb7 13. Rd2 h6 14. Nxf6+ Bxf6 15. Bxh6 Rfe8 16. e4 g5 17. h4 gxh4 18. Rfd1 Kh7 19. Be3 Rg8 20. Bc4 Rad8 21. Bd5 Na5 22. c4 Bc8 23. Nxe5 Bxe5 24. f4 Bd4 25. Bxd4 cxd4 26. Rxd4 Kg7 27. e5 Qc5 28. Kh2 Bb7 29. Qe4 Bxd5 30. cxd5 Nb7 31. d6 Nxd6 32. Rxd6 Rxd6 33. Rxd6 Qf2 34. Qf3 Qxf3 35. gxf3 Rc8 36. Rd7 Rc2+ 37. Kh3 Kg6 38. Rxa7 Rxb2 39. Kxh4 b5 40. Ra6+ Kg7 41. Kg5 b4 42. Kf5 Rf2 43. Ra7 Kg8 44. Ke4 Re2+ 45. Kd3 Rf2 46. Ke3 Rc2 47. Ra4 Rc3+ 48. Ke4 Rc4+ 49. Kf5 Rc2 50. Kf6 Rc6+ 51. Kg5 Rg6+ 52. Kh5 Rb6 53. f5 b3 54. axb3 Rxb3 55. f4 Kf8 56. Kg5 Ke7 57. Ra7+ Ke8 58. Kf6 Rf3 59. Rxf7 Rxf4 60. Ra7 Rb4 1-0

[Event "Ptuj op 10"]
[Site "Ptuj"]
[Date "2015.10.30"]
[Round "8"]
[White "Zupanic, Matjaz"]
[Black "Okroznik, Gorazd"]
[Result "1/2-1/2"]
[WhiteElo "1661"]
[BlackElo "1516"]
[PlyCount "94"]
[EventDate "2015.10.24"]
[EventType "swiss"]
[EventRounds "9"]
[EventCountry "SLO"]
[SourceTitle "CBM 169 Extra"]
[Source "ChessBase"]
[SourceDate "2015.12.18"]
[SourceVersion "1"]
[SourceVersionDate "2015.12.18"]
[SourceQuality "1"]

1. d4 Nf6 2. Nf3 d6 3. g3 g6 4. Bg2 Bg7 5. c4 c6 6. Nc3 Nbd7 7. e3 0-0 8. 0-0 d5 9. cxd5 cxd5 10. Bd2 Nb6 11. b3 Bg4 12. h3 Bd7 13. Rc1 Bc6 14. Ne5 Rc8 15. Nxc6 bxc6 16. Ne2 Re8 17. Bc3 Ne4 18. Bxe4 dxe4 19. Nf4 g5 20. Ne2 Nd5 21. b4 Qd6 22. a3 h5 23. Qc2 Qe6 24. Bb2 Qxh3 25. Qxe4 Nf6 26. Qg2 Qd7 27. Rc2 Qd5 28. Qxd5 cxd5 29. Rfc1 Rxc2 30. Rxc2 Rd8 31. Rc7 Rd7 32. Rxd7 Nxd7 33. Nc3 Nb6 34. Nb5 a6 35. Nc7 Nc4 36. Bc1 e5 37. dxe5 a5 38. Nxd5 axb4 39. axb4 Bxe5 40. f4 gxf4 41. gxf4 Bd6 42. b5 Bc5 43. Kg2 Kg7 44. Kg3 f5 45. Nc7 Bb6 46. Nd5 Bc5 47. Kh4 Kg6 1/2-1/2

[Event "Ptuj op 10"]
[Site "Ptuj"]
[Date "2015.10.25"]
[Round "2"]
[White "Skuhala, Luka"]
[Black "Zupanic, Matjaz"]
[Result "1-0"]
[WhiteElo "2028"]
[BlackElo "1661"]
[PlyCount "101"]
[EventDate "2015.10.24"]
[EventType "swiss"]
[EventRounds "9"]
[EventCountry "SLO"]
[SourceTitle "CBM 169 Extra"]
[Source "ChessBase"]
[SourceDate "2015.12.18"]
[SourceVersion "1"]
[SourceVersionDate "2015.12.18"]
[SourceQuality "1"]

1. e4 e5 2. Nf3 Nf6 3. d4 Nxe4 4. Bd3 d5 5. Nxe5 Bd6 6. Qf3 Qf6 7. Qxf6 Nxf6 8. Nc3 c6 9. 0-0 0-0 10. f4 a6 11. Be3 Nbd7 12. Ne2 c5 13. c3 c4 14. Bc2 b5 15. h3 Nb6 16. g4 Nfd7 17. Ng3 f6 18. Nf3 Re8 19. Rae1 Nf8 20. Kf2 Na4 21. Bxa4 bxa4 22. a3 Bd7 23. Re2 Ng6 24. Nh5 f5 25. g5 Rab8 26. Rfe1 a5 27. Ne5 Bxe5 28. dxe5 Be6 29. Bc5 Rb5 30. Bd6 Rd8 31. Rd1 Rd7 32. Kf3 Rdb7 33. Rdd2 Kf7 34. Ng3 Nh4+ 35. Ke3 Ng6 36. Nf1 Ne7 37. Bxe7 Kxe7 38. Kd4 Rb8 39. h4 Bf7 40. Ng3 Ke6 41. Rh2 h5 42. gxh6 gxh6 43. Ke3 Rg8 44. Ne2 Rb7 45. Nd4+ Kd7 46. Nxf5 Be6 47. Nd4 Rgb8 48. f5 Bg8 49. Rhg2 Bh7 50. Kf4 Ke8 51. e6 1-0

[Event "SLO-chT U20"]
[Site "Otocec"]
[Date "2015.08.27"]
[Round "6"]
[White "Meglic, Jaka"]
[Black "Zupanic, Matjaz"]
[Result "1-0"]
[WhiteElo "1820"]
[BlackElo "1724"]
[PlyCount "51"]
[EventDate "2015.08.24"]
[EventType "team-tourn"]
[EventRounds "7"]
[EventCountry "SLO"]
[SourceTitle "EXT 2019"]
[Source "ChessBase"]
[SourceDate "2018.10.10"]
[SourceVersion "1"]
[SourceVersionDate "2018.10.10"]
[SourceQuality "1"]

1. e4 d5 2. exd5 Qxd5 3. Nc3 Qd6 4. d4 a6 5. Nf3 Nf6 6. h3 Bf5 7. Bd3 Bxd3 8. Qxd3 Nc6 9. Bg5 0-0-0 10. 0-0-0 e6 11. a3 h6 12. Bh4 g5 13. Bg3 Qd7 14. Ne5 Nxe5 15. Bxe5 Bg7 16. Qe3 Nd5 17. Nxd5 Bxe5 18. dxe5 exd5 19. Qa7 c6 20. Rd3 Qc7 21. Rf3 Rhf8 22. Re1 Rde8 23. Ree3 Rxe5 24. Qa8+ Kd7 25. Qxf8 Rxe3 26. Rxf7+ 1-0

[Event "Ptuj op"]
[Site "Ptuj"]
[Date "2015.08.05"]
[Round "3"]
[White "Zupanic, Matjaz"]
[Black "Klemencic, Marjan"]
[Result "1/2-1/2"]
[WhiteElo "1724"]
[BlackElo "1443"]
[PlyCount "126"]
[EventDate "2015.08.03"]
[EventType "swiss"]
[EventRounds "9"]
[EventCountry "SLO"]
[SourceTitle "CBM 167 Extra"]
[Source "ChessBase"]
[SourceDate "2015.09.14"]
[SourceVersion "1"]
[SourceVersionDate "2015.09.14"]
[SourceQuality "1"]

1. d4 d5 2. Nf3 Bf5 3. c4 c6 4. cxd5 Qxd5 5. Nc3 Qd7 6. e4 Bg4 7. Be2 Nf6 8. 0-0 e6 9. Bg5 h6 10. Bxf6 gxf6 11. d5 Bd6 12. Qd2 h5 13. Rfd1 Qc7 14. g3 Ke7 15. dxe6 fxe6 16. Nh4 Rh7 17. Ng6+ Kf7 18. Qxd6 Qxd6 19. Rxd6 Kxg6 20. Bxg4 hxg4 21. Rxe6 Nd7 22. Kg2 Rah8 23. Rh1 Ne5 24. Ne2 Kf7 25. Rd6 Ke7 26. Rdd1 Nf3 27. Nf4 Rxh2+ 28. Rxh2 Rxh2+ 29. Kf1 Rh1+ 30. Ke2 Rxd1 31. Kxd1 Ng5 32. e5 fxe5 33. Nd3 Kd6 34. Ke2 Kd5 35. Ke3 a5 36. Nc1 b5 37. Nb3 a4 38. Nd2 c5 39. Nb1 b4 40. a3 b3 41. Nc3+ Kc6 42. Nxa4 c4 43. Nc3 Kc5 44. Na4+ Kd6 45. Nc3 Kc5 46. Na4+ Kd6 47. Nc3 Kc6 48. Na4 Ne6 49. f3 gxf3 50. Kxf3 Nc5 51. Nc3 Nd3 52. Nd1 Nxb2 53. Nc3 Nd3 54. Ke4 Kc5 55. Na4+ Kb5 56. Nc3+ Ka5 57. Kd5 b2 58. Kxc4 Nf2 59. Kb3 Nd1 60. Nb1 e4 61. Kc2 Nf2 62. Kxb2 e3 63. Kc2 Ka4 1/2-1/2

[Event "SLO-ch U18"]
[Site "Bled"]
[Date "2015.02.26"]
[Round "6"]
[White "Zupanic, Matjaz"]
[Black "Murko, David"]
[Result "1-0"]
[WhiteElo "1540"]
[BlackElo "2063"]
[PlyCount "103"]
[EventDate "2015.02.21"]
[EventType "tourn"]
[EventRounds "7"]
[EventCountry "SLO"]
[SourceTitle "EXT 2023"]
[Source "ChessBase"]
[SourceDate "2022.10.05"]
[SourceVersion "1"]
[SourceVersionDate "2022.10.05"]
[SourceQuality "1"]

1. d4 d5 2. c4 c6 3. Nc3 Nf6 4. cxd5 cxd5 5. Nf3 Bg4 6. Ne5 Nc6 7. Nxg4 Nxg4 8. e4 Nf6 9. exd5 Nxd5 10. Qb3 Nxc3 11. bxc3 Qb6 12. Qxb6 axb6 13. d5 Ne5 14. Bb5+ Kd8 15. Be3 Kc7 16. Bd4 Ng6 17. 0-0 h5 18. Rab1 Rxa2 19. Bxb6+ Kc8 20. Ra1 Rxa1 21. Rxa1 Kb8 22. c4 e6 23. Re1 Bb4 24. Re4 exd5 25. cxd5 Bd6 26. Re8+ Rxe8 27. Bxe8 Ne5 28. g3 h4 29. f4 Nf3+ 30. Kg2 Ne1+ 31. Kf2 Nd3+ 32. Ke2 hxg3 33. hxg3 Nb4 34. Bxf7 Bc7 35. Bd4 g6 36. Bc3 Na6 37. Bxg6 Nc5 38. Be5 Nd7 39. Bxc7+ Kxc7 40. Ke3 Kd6 41. Kd4 Nf6 42. Bf5 b5 43. g4 b4 44. g5 Nxd5 45. g6 Ne7 46. Bc2 Nc6+ 47. Kc4 Ne7 48. Kxb4 Nd5+ 49. Kc4 Ne7 50. f5 Nc6 51. g7 Ne7 52. f6 1-0

[Event "SLO-ch U18"]
[Site "Bled"]
[Date "2015.02.23"]
[Round "3"]
[White "Zupanic, Matjaz"]
[Black "Urbanc, Peter"]
[Result "1-0"]
[WhiteElo "1540"]
[BlackElo "2088"]
[PlyCount "71"]
[EventDate "2015.02.21"]
[EventType "tourn"]
[EventRounds "7"]
[EventCountry "SLO"]
[SourceTitle "EXT 2023"]
[Source "ChessBase"]
[SourceDate "2022.10.05"]
[SourceVersion "1"]
[SourceVersionDate "2022.10.05"]
[SourceQuality "1"]

1. d4 Nf6 2. Nf3 c5 3. g3 cxd4 4. Nxd4 d5 5. Bg2 e5 6. Nf3 Nc6 7. 0-0 Be7 8. b3 0-0 9. Bb2 Bd6 10. Nbd2 Bf5 11. Nh4 Be6 12. e4 dxe4 13. Nxe4 Nxe4 14. Bxe4 f5 15. Bd5 Qe7 16. c4 Nb4 17. Bxb7 Rad8 18. Bh1 Bc5 19. Qe2 Nd3 20. Rad1 e4 21. Bc1 g5 22. Ng2 f4 23. Nxf4 gxf4 24. Bxe4 Nxf2 25. Bxh7+ Kxh7 26. Qh5+ Kg8 27. Qg6+ Qg7 28. Qxe6+ Kh8 29. Rxd8 Rxd8 30. Bxf4 Nh3+ 31. Kg2 Nxf4+ 32. Rxf4 Rd2+ 33. Kh3 Qd7 34. Rh4+ Kg7 35. Rg4+ Kf8 36. Rg8# 1-0

[Event "SLO-ch U18"]
[Site "Bled"]
[Date "2015.02.22"]
[Round "2"]
[White "Cop, Jaka"]
[Black "Zupanic, Matjaz"]
[Result "0-1"]
[WhiteElo "1778"]
[BlackElo "1540"]
[PlyCount "116"]
[EventDate "2015.02.21"]
[EventType "tourn"]
[EventRounds "7"]
[EventCountry "SLO"]
[SourceTitle "EXT 2023"]
[Source "ChessBase"]
[SourceDate "2022.10.05"]
[SourceVersion "1"]
[SourceVersionDate "2022.10.05"]
[SourceQuality "1"]

1. e4 e5 2. Nf3 Nf6 3. Nc3 Nc6 4. d4 exd4 5. Nxd4 Bc5 6. Nxc6 bxc6 7. Bc4 0-0 8. 0-0 h6 9. a3 d6 10. h3 Be6 11. Bd3 a5 12. Kh1 Qd7 13. Qf3 Ne8 14. Qg3 Kh8 15. f4 f5 16. e5 a4 17. Bd2 Bb6 18. Rad1 c5 19. Be3 d5 20. Bc1 c6 21. Ne2 Qf7 22. Ng1 c4 23. Be2 Nc7 24. Nf3 Nb5 25. Nh4 Rfd8 26. Qh2 Rab8 27. g4 Nd4 28. c3 Nb3 29. Qg3 Nxc1 30. Rxc1 Bc5 31. Rc2 Be7 32. Bd1 Bxh4 33. Qxh4 d4 34. cxd4 Rxd4 35. Rcf2 Bd5+ 36. Kh2 Rf8 37. Bxa4 c3 38. bxc3 Rxa4 39. g5 Qg6 40. gxh6 Qxh6 41. Qe7 Rf7 42. Qd8+ Kh7 43. h4 Qe6 44. Rb2 Qe7 45. Qxe7 Rxe7 46. Rb8 Rxa3 47. Rf8 Be4 48. Rg1 Rxc3 49. Rg5 g6 50. e6 Rb7 51. Rf7+ Rxf7 52. exf7 Kg7 53. Rxg6+ Kxf7 54. Rd6 Rf3 55. h5 Kg7 56. h6+ Kh7 57. Rf6 c5 58. Rb6 c4 0-1

[Event "SLO-chT2 East"]
[Site "Slovenia"]
[Date "2014.11.15"]
[Round "8"]
[White "Zupanic, Matjaz"]
[Black "Kusic, Dalibor"]
[Result "0-1"]
[WhiteElo "1419"]
[BlackElo "1893"]
[PlyCount "44"]
[EventDate "2014.09.13"]
[EventType "team-tourn"]
[EventRounds "9"]
[EventCountry "SLO"]
[SourceTitle "EXT 2019"]
[Source "ChessBase"]
[SourceDate "2018.10.10"]
[SourceVersion "1"]
[SourceVersionDate "2018.10.10"]
[SourceQuality "1"]
[WhiteTeam "Ptuj II"]
[BlackTeam "Maribor Gambit"]
[WhiteTeamCountry "SLO"]
[BlackTeamCountry "SLO"]

1. d4 Nf6 2. c4 c5 3. d5 b5 4. b3 g6 5. Nc3 b4 6. Na4 d6 7. e3 Bg7 8. Rb1 0-0 9. Bd3 e6 10. dxe6 Bxe6 11. Bb2 Nc6 12. Nf3 Qe7 13. Qc2 Rad8 14. 0-0 Bg4 15. Be2 Rfe8 16. Rfd1 Ne4 17. Bxg7 Kxg7 18. Ne1 Nxf2 19. Bxg4 Nxg4 20. Nf3 Qxe3+ 21. Kf1 Qxf3+ 22. gxf3 Ne3+ 0-1

[Event "Ptuj op"]
[Site "Ptuj"]
[Date "2014.08.22"]
[Round "9"]
[White "Zupanic, Matjaz"]
[Black "Krajnc, Uros"]
[Result "0-1"]
[WhiteElo "1419"]
[BlackElo "2124"]
[PlyCount "68"]
[EventDate "2014.08.15"]
[EventType "swiss"]
[EventRounds "9"]
[EventCountry "SLO"]
[SourceTitle "CBM 161 Extra"]
[Source "ChessBase"]
[SourceDate "2014.08.29"]
[SourceVersion "1"]
[SourceVersionDate "2014.08.29"]
[SourceQuality "1"]

1. e4 d6 2. d4 Nf6 3. Nc3 Nbd7 4. Bc4 e5 5. Nf3 h6 6. 0-0 Be7 7. h3 c6 8. a4 b6 9. Be3 Qc7 10. Bb3 Bb7 11. Nd2 exd4 12. Bxd4 Nc5 13. f4 Nxb3 14. Nxb3 c5 15. Bxf6 Bxf6 16. Re1 Bxc3 17. bxc3 0-0 18. c4 Rfe8 19. Qd3 Qe7 20. Nd2 Qf6 21. g3 Re7 22. a5 bxa5 23. Rxa5 a6 24. Ra3 Rae8 25. Rd1 Bc8 26. h4 Qg6 27. Kf2 Kh8 28. Re1 f5 29. e5 dxe5 30. fxe5 Rxe5 31. Rxe5 Rxe5 32. Nf3 Re8 33. Nd2 Qg4 34. Qf3 Qd4+ 0-1

[Event "Ptuj op"]
[Site "Ptuj"]
[Date "2014.08.19"]
[Round "6"]
[White "Acimovic, Dejan"]
[Black "Zupanic, Matjaz"]
[Result "1-0"]
[WhiteElo "1838"]
[BlackElo "1419"]
[PlyCount "55"]
[EventDate "2014.08.15"]
[EventType "swiss"]
[EventRounds "9"]
[EventCountry "SLO"]
[SourceTitle "CBM 161 Extra"]
[Source "ChessBase"]
[SourceDate "2014.08.29"]
[SourceVersion "1"]
[SourceVersionDate "2014.08.29"]
[SourceQuality "1"]

1. d4 Nf6 2. c4 g6 3. Nc3 Bg7 4. e4 d6 5. Nge2 Nc6 6. d5 Ne5 7. Ng3 h6 8. f4 Ned7 9. Be3 b6 10. Be2 Bb7 11. 0-0 c6 12. Bd4 c5 13. Be3 Nh7 14. Qd2 Bxc3 15. Qxc3 f6 16. Bg4 Rg8 17. Be6 Rf8 18. Qc2 Rh8 19. e5 Nhf8 20. Qa4 Qc7 21. exf6 exf6 22. f5 g5 23. Ne4 Kd8 24. Bf2 Ke7 25. Bg3 Ne5 26. Bxe5 fxe5 27. f6+ Kd8 28. Ng3 1-0

[Event "Ptuj op 01"]
[Site "Ptuj"]
[Date "2014.01.25"]
[Round "7"]
[White "Zupanic, Matjaz"]
[Black "Suta, Tomaz"]
[Result "1/2-1/2"]
[WhiteElo "1414"]
[BlackElo "1477"]
[PlyCount "66"]
[EventDate "2014.01.17"]
[EventType "swiss"]
[EventRounds "9"]
[EventCountry "SLO"]
[SourceTitle "EXT 2016"]
[Source "ChessBase"]
[SourceDate "2015.10.08"]
[SourceVersion "1"]
[SourceVersionDate "2015.10.08"]
[SourceQuality "1"]

1. e4 e5 2. Nf3 Nc6 3. Bc4 Bc5 4. c3 Qe7 5. d4 exd4 6. 0-0 Ne5 7. Bb3 d6 8. Nxd4 Bg4 9. f3 Bd7 10. Be3 Nf6 11. Bf2 0-0 12. Nd2 c6 13. Re1 Nd3 14. Re2 Nh5 15. Be3 Nhf4 16. Bxf4 Nxf4 17. Re1 Qg5 18. g3 h5 19. Nf1 h4 20. Kh1 hxg3 21. Nxg3 Bxd4 22. Qxd4 d5 23. exd5 Nxd5 24. Re5 Qf6 25. Kg2 Rfe8 26. Rxe8+ Rxe8 27. Qxf6 Nxf6 28. Rd1 Be6 29. Bxe6 Rxe6 30. Kf2 Kf8 31. b3 g6 32. Rd2 Ke7 33. Ne2 Nd5 1/2-1/2

[Event "Ptuj op 01"]
[Site "Ptuj"]
[Date "2014.01.23"]
[Round "5"]
[White "Zupanic, Matjaz"]
[Black "Vidovic, Bojan"]
[Result "1/2-1/2"]
[WhiteElo "1414"]
[BlackElo "1627"]
[PlyCount "74"]
[EventDate "2014.01.17"]
[EventType "swiss"]
[EventRounds "9"]
[EventCountry "SLO"]
[SourceTitle "EXT 2016"]
[Source "ChessBase"]
[SourceDate "2015.10.08"]
[SourceVersion "1"]
[SourceVersionDate "2015.10.08"]
[SourceQuality "1"]

1. e4 e5 2. Nf3 Nc6 3. Bc4 Bc5 4. c3 Nge7 5. d4 exd4 6. cxd4 Bb4+ 7. Nc3 0-0 8. 0-0 Ng6 9. h3 h6 10. e5 Nce7 11. a3 Ba5 12. b4 Bb6 13. d5 d6 14. e6 fxe6 15. dxe6 c6 16. Re1 d5 17. Bd3 Rf6 18. Qc2 Nf8 19. Na4 Bc7 20. Bb2 Rxe6 21. Rxe6 Bxe6 22. Nc5 Bc8 23. Qc3 d4 24. Qxd4 Qxd4 25. Bxd4 b6 26. Bc4+ Kh7 27. Nd3 Bf5 28. Nde5 Be6 29. Bxe6 Nxe6 30. Be3 Rd8 31. Rc1 Kg8 32. g3 Bxe5 33. Nxe5 Rc8 34. f4 Nf8 35. Kf2 Nh7 36. g4 Nf6 37. Kf3 Nfd5 1/2-1/2

[Event "Ptuj op 01"]
[Site "Ptuj"]
[Date "2014.01.17"]
[Round "1"]
[White "Zupanic, Matjaz"]
[Black "Murko, David"]
[Result "0-1"]
[WhiteElo "1414"]
[BlackElo "1847"]
[PlyCount "106"]
[EventDate "2014.01.17"]
[EventType "swiss"]
[EventRounds "9"]
[EventCountry "SLO"]
[SourceTitle "EXT 2016"]
[Source "ChessBase"]
[SourceDate "2015.10.08"]
[SourceVersion "1"]
[SourceVersionDate "2015.10.08"]
[SourceQuality "1"]

1. e4 c5 2. Nf3 g6 3. d4 cxd4 4. Nxd4 Bg7 5. Nc3 Nc6 6. Be3 Nf6 7. Bc4 0-0 8. Bb3 a5 9. a3 a4 10. Ba2 d6 11. h3 Bd7 12. Qd2 Qa5 13. 0-0-0 Rfc8 14. f3 Ne5 15. Nd5 Qxd2+ 16. Rxd2 Nxd5 17. Bxd5 Nc4 18. Bxc4 Rxc4 19. g4 Rac8 20. h4 b5 21. c3 b4 22. axb4 Rxb4 23. Nc2 Rb7 24. Bd4 Be6 25. Bxg7 Kxg7 26. h5 g5 27. Re1 Rc5 28. Ree2 Kf6 29. Rd4 Bb3 30. Na3 Ke5 31. Rf2 d5 32. Rfd2 dxe4 33. Rxe4+ Kf6 34. f4 gxf4 35. Rxf4+ Kg5 36. Rfd4 f6 37. Rg2 e5 38. Rd3 Rd5 39. Rxd5 Bxd5 40. Rg1 Bf3 41. Nc2 Bxg4 42. Ne3 f5 43. h6 Rb6 44. Nc4 Re6 45. Re1 e4 46. Ne3 Rxh6 47. c4 Rd6 48. Rh1 h5 49. Rf1 Rd3 50. Nd5 h4 51. Kc2 h3 52. Nc3 Rf3 53. Rh1 Rf2+ 0-1